000
00376cam a2200169ua 4500
020
_c
Rs. 1.50
041
_a
mal
_h
082
_a
894.8122
_b
CHA/PI
100
_a
Chandramohan, Alleppy .
245
_a
Pingamy
260
_a
Alleppy :
_b
Vijayabhanu press ,
_c
1951.
300
_a
128 ; .
365
_a
Rs. 1.50
504
_a
942
_c
BK
999
_c
1229
_d
1229